000 00369nam a22001457a 4500
003 MACL
005 20191004161128.0
008 191004b xxu||||| |||| 00| 0 eng d
040 _cMACL
100 _aBatra, Sandeep
_976898
245 _aDemocratization of Communication
260 _aDelhi
_bPratibha Book
_c2017
650 _aCommunication
_976899
942 _2ddc
_cBK
999 _c61163
_d61163